How many mountains can you name? - Statistics

General Stats
  • This quiz has been taken 37 times
    27 since last reset
  • The average score is 19 of 40
Answer Stats
Hint Answer % Correct
Highest Mountain In the World at 8848 meters Everest
100%
2nd Highest Mountain in the world K2
96%
Highest Mountain in the alps Mont Blanc
92%
Highest African Mountain Kilimanjaro
88%
Japan Mount Fuji
85%
Highest North American Mountain Mount Denali / McKinley
81%
Highest European Mountain Mount Elbrus
81%
Sicily Mount Etna
77%
Pompeii Mount Vesuvius
77%
home of the Greek gods. Mount Olympus
73%
Highest South American mountain Aconcagua
62%
Switzerland Matterhorn
62%
Tallest Mountain in the world at 10210 meters, base to peak Mauna Kea
62%
George Washington, Thomas Jefferson, Theodore Roosevelt and Abraham Lincoln Mount Rushmore
62%
Where the lost city of the Incas is situated Machu Picchu
58%
2nd Highest African Mountain Mount Kenya
58%
Highest Mountain in the UK Ben Nevis
54%
Place where Moses received the Ten Commandments Mount Sinai
54%
Indonesian Volcano Krakatoa
50%
Highest New Zealand mountain Mount Cook
50%
Resting place of Noah’s Ark Mount Ararat
46%
Highest Canadian Mountain Mount Logan
46%
Hawaii Shield Volcano Mauna Loa
42%
Sacred to the Aboriginal people, (but perhaps not a mountain) Uluru's rock
42%
First Mountain climbed with peak over 8000 meters above sea level Annapurna I
35%
Wales Mount Snowdon
31%
The "mountain" of Rio Sugarloaf Mountain
31%
Highest Antarctic Mountain Vinson Massif
31%
Highest of the Rwenzori mountains in Uganda/DRC, and third tallest in Africa Mount Stanley
27%
Highest Mexican Mountain Pico de Orizaba
27%
Third Highest mountain in the world, sacred to India and Nepal Kangchenjunga
19%
Tallest Mountain in the Rockies Mount Elbert
19%
Highest Australian Mountain Mount Kosciuszko
19%
Highest Atlas Mountain Mount Toubkal
19%
Towers over Seattle Mount Rainer
15%
Mountain of the highest elevated capital city La Paz, of Bolivia Mount Illimani
8%
Named after Antarctic Explorer Mount Shackleton
4%
Site of the tomb of King David and the room of the last supper Mount Zion
4%
Highest Siberian Mountain Belukha Mountain
0%
Where Prophet Muhammad received his first revelation from the Angel Gabriel. Mount Hera
0%
No matching quizzes found
Score Distribution
Percent of People with Each Score
Percentile by Number Answered
Your Score History
You have not taken this quiz since the last reset